00207nam a2200085Ia 4500008004100000100002500041245003200066260001400098260000900112180219s9999 xx 000 0 und d aRastugi Krisna Gopal 0aMatera Bhasa Hindi Shikshan aN.C.E.R.T c1998